Management Japanese style

保存先:
書誌詳細
団体著者: World Executive's Digest Library
フォーマット: 図書
言語:Undetermined
出版事項: Manila World Executive's Digest Library 1981
主題:
タグ: タグ追加
タグなし, このレコードへの初めてのタグを付けませんか!
Thư viện lưu trữ: Trung tâm Học liệu Trường Đại học Cần Thơ
LEADER 00532nam a2200193Ia 4500
001 CTU_98340
008 210402s9999 xx 000 0 und d
082 |a 658 
082 |b W927 
110 |a World Executive's Digest Library 
245 0 |a Management Japanese style 
245 0 |c World Executive's Digest Library 
260 |a Manila 
260 |b World Executive's Digest Library 
260 |c 1981 
650 |a Management 
650 |z Japan 
904 |i Hiếu 
980 |a Trung tâm Học liệu Trường Đại học Cần Thơ